000 00680nam a22001817a 4500
999 _c14997
_d14997
003 OSt
082 _2631.75 807 AJA/IM
088 _aP 267
100 _aAJAY GOKUL A. J
_aPRAVEENA N
_aRAKHI J. F
_93886
245 _aImpact study of regulator cum bridges
260 _aTavanur 2013
_bDepartment of Land and Water Resources & Conservation EngineeringKelappaji College of Agricultural Engineering and Technology
300 _a73
500 _aImpact study of regulator cum bridges
520 _aImpact study of regulator cum bridges
700 _aDr. Abdul Hakkim V. M (Guide)
_93491
856 _uhttps://drive.google.com/open?id=19A8dZcAQAuOgX8IItpQpNY_6FIMqBg8I
942 _cPR